000 01511nam0a2200385 4500
001 RU\NLR\bibl\231769
005 20260407075945.0
010 _a5-7107-4763-7
_95000
021 _aRU
_b2001-42020
_91999
035 _a(NLR Aleph) 000227720
090 _a1324833
_c1324833
100 _a20020212d2001 |||y0rusy50 ca
101 0 _arus
102 _aRU
105 _ay |||||||||
200 1 _aЭкология
_e5-11 кл.
_fМ-во образования Рос. Федерации
_g[Сост. В.Н. Кузнецов]
205 _a4-е изд., стер.
210 _aМ.
_cДрофа
_d2001
215 _a223, [1] с.
_d20
225 1 _aПрограммно-методические материалы
320 _aБиблиогр.: с. 219-222
606 0 _aЭкология
_xУчебные программы
_xСредняя школа
_92081461
_3RU\NLR\auth\661257442
675 _a372.850.4.046.14
_v3
_zrus
686 _a14
_2rugasnti
686 _a74.262.01
_2rubbk
686 _aЧ426.45-211
701 1 _4220
_8rus
_7ca
_aКузнецов
_bВ. Н.
_cпреподаватель, биолог, эколог
_gВладимир Наумович
_3RU\NLR\AUTH\7748916
_931851
712 0 1 _4570
_aРоссийская Федерация
_bМинистерство образования
_3RU\NLR\AUTH\884572
_9280683
801 0 _aRU
_bRKP
_c20020212
_gPSBO
801 1 _aRU
_bRKP
_c20020212
801 2 _aRU
_bNLR
_c20030707
_grcr
942 _cBOOK
980 _aNB